[Event "Dzerzhinsk Samarina Memorial"]
[Site "Dzerzhinsk"]
[Date "2015.12.15"]
[Round "7"]
[White "Shirokov, Yury"]
[Black "Ryabikin, Viktor"]
[Result "0-1"]
[WhiteElo "1859"]
[BlackElo "1899"]
[PlyCount "68"]
[EventDate "2015.12.03"]
[EventType "swiss"]
[EventRounds "9"]
[EventCountry "RUS"]
[SourceTitle "EXT 2022"]
[Source "ChessBase"]
[SourceDate "2021.10.06"]
[SourceVersion "1"]
[SourceVersionDate "2021.10.06"]
[SourceQuality "1"]

1. d4 Nf6 2. c4 c5 3. d5 b5 4. cxb5 a6 5. e3 axb5 6. Bxb5 g6 7. Nc3 Bg7 8. Nge2 0-0 9. 0-0 d6 10. Qd3 Ba6 11. Bd2 Bxb5 12. Nxb5 Ng4 13. Qc2 Qd7 14. a4 Na6 15. h3 Nf6 16. e4 Rfb8 17. Nf4 g5 18. Ne2 g4 19. Qd3 gxh3 20. gxh3 c4 21. Qe3 Nc5 22. Nec3 Kh8 23. Kh1 Nfxe4 24. Nxe4 Nxe4 25. Bc3 Nxc3 26. bxc3 Rg8 27. Rg1 Be5 28. Rxg8+ Rxg8 29. Rg1 Rxg1+ 30. Kxg1 Qf5 31. Nd4 Qb1+ 32. Kg2 Qg6+ 33. Kh1 Qd3 34. Kg1 Bxd4 0-1

[Event "Dzerzhinsk Samarina Memorial"]
[Site "Dzerzhinsk"]
[Date "2015.12.10"]
[Round "4"]
[White "Markovsky, Georgy"]
[Black "Shirokov, Yury"]
[Result "0-1"]
[WhiteElo "1755"]
[BlackElo "1859"]
[PlyCount "72"]
[EventDate "2015.12.03"]
[EventType "swiss"]
[EventRounds "9"]
[EventCountry "RUS"]
[SourceTitle "EXT 2022"]
[Source "ChessBase"]
[SourceDate "2021.10.06"]
[SourceVersion "1"]
[SourceVersionDate "2021.10.06"]
[SourceQuality "1"]

1. e4 Nc6 2. d4 e6 3. c4 Bb4+ 4. Bd2 d5 5. Bxb4 Nxb4 6. Qb3 a5 7. exd5 exd5 8. Nf3 Nf6 9. a3 Nc6 10. cxd5 Qxd5 11. Bc4 Qe4+ 12. Qe3 0-0 13. Nc3 Qxe3+ 14. fxe3 Re8 15. Ng5 Rxe3+ 16. Kd2 Re7 17. Rae1 Be6 18. Nxe6 fxe6 19. Bxe6+ Kh8 20. d5 Nd4 21. g4 Nf3+ 22. Kc2 Nxe1+ 23. Rxe1 Nxg4 24. h3 Nf6 25. Ne4 Rae8 26. Nxf6 gxf6 27. Rf1 Kg7 28. Rg1+ Kh6 29. Rf1 Kg5 30. Rf5+ Kg6 31. Rf2 Rd8 32. Rg2+ Kh5 33. Rf2 c6 34. Rxf6 cxd5 35. Rf5+ Kh4 36. Bxd5 Kxh3 0-1

[Event "Dzerzhinsk Samarina Memorial"]
[Site "Dzerzhinsk"]
[Date "2015.12.05"]
[Round "1"]
[White "Shirokov, Yury"]
[Black "Fedorychev, Alexey"]
[Result "1-0"]
[WhiteElo "1859"]
[BlackElo "1711"]
[PlyCount "77"]
[EventDate "2015.12.03"]
[EventType "swiss"]
[EventRounds "9"]
[EventCountry "RUS"]
[SourceTitle "EXT 2022"]
[Source "ChessBase"]
[SourceDate "2021.10.06"]
[SourceVersion "1"]
[SourceVersionDate "2021.10.06"]
[SourceQuality "1"]

1. d4 Nf6 2. c4 d6 3. Nf3 g6 4. Nc3 Bg7 5. e4 Bg4 6. Be2 Bxf3 7. Bxf3 c6 8. 0-0 0-0 9. Qb3 Qc7 10. Be3 Nbd7 11. a4 c5 12. Nb5 Qb6 13. a5 Qd8 14. e5 dxe5 15. dxe5 Nxe5 16. Bxb7 Rb8 17. a6 Qb6 18. Qc2 Nfg4 19. Bf4 Bh6 20. Bg3 f5 21. h3 f4 22. Bh2 Nxh2 23. Kxh2 f3 24. Rfe1 fxg2 25. Kxg2 Rxb7 26. axb7 Qf6 27. Qe2 Qg5+ 28. Kh1 Qf5 29. Ra3 Bf4 30. Qe4 Qg5 31. Qg2 Qh4 32. Rxe5 Bxe5 33. Qd5+ Kg7 34. Qxe5+ Kh6 35. Qg3 Qe4+ 36. Kh2 Qc2 37. Rf3 Rd8 38. b8Q Rd1 39. Qf8+ 1-0

[Event "Dzerzhinsk Vavilov Memorial 6th"]
[Site "Dzerzhinsk"]
[Date "2014.03.29"]
[Round "4"]
[White "Eremeev, Dmitriy"]
[Black "Shirokov, Yury"]
[Result "1-0"]
[WhiteElo "1910"]
[BlackElo "1778"]
[PlyCount "45"]
[EventDate "2014.03.26"]
[EventType "swiss"]
[EventRounds "9"]
[EventCountry "RUS"]
[SourceTitle "EXT 2016"]
[Source "ChessBase"]
[SourceDate "2015.10.08"]
[SourceVersion "1"]
[SourceVersionDate "2015.10.08"]
[SourceQuality "1"]

1. e4 e5 2. Nf3 Nc6 3. Nc3 Nf6 4. Bb5 d6 5. d4 Bd7 6. h3 Be7 7. Be3 0-0 8. Bxc6 Bxc6 9. Qd3 exd4 10. Nxd4 Bd7 11. 0-0-0 Qc8 12. g4 g6 13. f3 a6 14. h4 c5 15. Nde2 b5 16. g5 Nh5 17. Nd5 Bd8 18. Nef4 Ng7 19. Nf6+ Bxf6 20. gxf6 Ne8 21. Nd5 Qb8 22. Bh6 Be6 23. Ne7+ 1-0

[Event "Nizhnij Novgorod-ch"]
[Site "Nizhnij Novgorod"]
[Date "2010.03.??"]
[Round "?"]
[White "Jevtushenko, VV."]
[Black "Shirokov, Yury"]
[Result "1/2-1/2"]
[WhiteElo "1928"]
[BlackElo "1822"]
[PlyCount "117"]
[EventDate "2010.03.13"]
[EventType "swiss"]
[EventRounds "9"]
[EventCountry "RUS"]
[SourceTitle "EXT 2022"]
[Source "ChessBase"]
[SourceDate "2021.10.06"]
[SourceVersion "1"]
[SourceVersionDate "2021.10.06"]
[SourceQuality "1"]

1. e4 e5 2. Nf3 Nc6 3. Bc4 Be7 4. 0-0 Nf6 5. d3 0-0 6. a3 d6 7. h3 h6 8. Nc3 Nh7 9. Ne2 Kh8 10. Ng3 f5 11. exf5 Bxf5 12. Nxf5 Rxf5 13. Bd5 Qd7 14. Be4 Rff8 15. c3 d5 16. Bxh7 Kxh7 17. Nh2 Bc5 18. Be3 d4 19. cxd4 Bxd4 20. Qc2 Rf6 21. Rac1 Raf8 22. b4 a6 23. Qa4 Bxe3 24. fxe3 Rxf1+ 25. Nxf1 Qxd3 26. Rd1 Qe2 27. Qb3 Qf2+ 28. Kh2 e4 29. Qd5 Qf5 30. Ng3 Qxd5 31. Rxd5 Rf7 32. Rc5 Re7 33. Rc4 Re5 34. Nxe4 a5 35. Kg3 axb4 36. axb4 Rb5 37. Nc5 Nxb4 38. Ne6 c6 39. Rg4 g5 40. h4 Re5 41. Rxb4 Rxe3+ 42. Kg4 Rxe6 43. Rxb7+ Kg6 44. h5+ Kf6 45. Rh7 Ke5 46. Kf3 Rf6+ 47. Ke3 Kf5 48. Rg7 Rd6 49. g4+ Kxg4 50. Rg6 Rd7 51. Rxh6 c5 52. Rc6 Kxh5 53. Rxc5 Kg4 54. Kf2 Rd4 55. Kg2 Rd2+ 56. Kg1 Kh4 57. Rc3 g4 58. Ra3 g3 59. Ra8 1/2-1/2

[Event "Nizhnij Novgorod-ch"]
[Site "Nizhnij Novgorod"]
[Date "2010.03.??"]
[Round "?"]
[White "Shirokov, Yury"]
[Black "Denisov, Yuri"]
[Result "1/2-1/2"]
[WhiteElo "1822"]
[BlackElo "1991"]
[PlyCount "69"]
[EventDate "2010.03.13"]
[EventType "swiss"]
[EventRounds "9"]
[EventCountry "RUS"]
[SourceTitle "EXT 2022"]
[Source "ChessBase"]
[SourceDate "2021.10.06"]
[SourceVersion "1"]
[SourceVersionDate "2021.10.06"]
[SourceQuality "1"]

1. d4 d5 2. c4 e6 3. Nc3 Nf6 4. Nf3 c6 5. e3 Bd6 6. Bd3 Nbd7 7. 0-0 0-0 8. Qc2 h6 9. h3 dxc4 10. Bxc4 b5 11. Bd3 Bb7 12. e4 Be7 13. Bf4 a6 14. Rad1 Rc8 15. b3 Qa5 16. Rfe1 Bb4 17. Bd2 c5 18. d5 exd5 19. Nxd5 Nxd5 20. exd5 Nf6 21. Bf5 Rcd8 22. d6 Bxf3 23. gxf3 Bxd2 24. Qxd2 Qb6 25. h4 Qc6 26. Kg2 c4 27. Re3 Qc5 28. Bg4 Nxg4 29. fxg4 cxb3 30. axb3 Rd7 31. Qd4 Qc6+ 32. Qd5 Qxd5+ 33. Rxd5 Rfd8 34. Red3 f6 35. f4 1/2-1/2

[Event "Nizhnij Novgorod op"]
[Site "Nizhnij Novgorod"]
[Date "2010.??.??"]
[Round "?"]
[White "Bodyagin, Anton"]
[Black "Shirokov, Yury"]
[Result "1-0"]
[WhiteElo "1826"]
[BlackElo "1867"]
[PlyCount "86"]
[EventDate "2010.10.02"]
[EventType "swiss"]
[EventRounds "9"]
[EventCountry "RUS"]
[SourceTitle "EXT 2011"]
[Source "ChessBase"]
[SourceDate "2010.11.26"]
[SourceVersion "1"]
[SourceVersionDate "2010.11.26"]
[SourceQuality "1"]

1. d4 Nf6 2. c4 d5 3. Nc3 c6 4. Nf3 Bg4 5. Ne5 Bh5 6. cxd5 Nxd5 7. g4 Bg6 8. Bg2 Nxc3 9. bxc3 Nd7 10. Nxg6 hxg6 11. Bf4 e6 12. 0-0 Nb6 13. e4 Bd6 14. e5 Be7 15. Rb1 Qc7 16. Qb3 0-0 17. c4 Rab8 18. Bg3 Rfd8 19. Rfd1 Rd7 20. d5 cxd5 21. cxd5 Qc4 22. Qxc4 Nxc4 23. d6 Bd8 24. Bc6 Nb6 25. Bxd7 Nxd7 26. Rdc1 f6 27. exf6 gxf6 28. Rc2 e5 29. Rbc1 Kf7 30. f4 Ke6 31. fxe5 fxe5 32. Rd1 Nf6 33. h3 Ne4 34. Bf2 Bb6 35. Bxb6 axb6 36. Rb2 Nxd6 37. Rxb6 Rd8 38. Kf2 Ke7 39. Rdxd6 Rxd6 40. Rxd6 Kxd6 41. Ke3 Kd5 42. h4 e4 43. a4 b6 1-0

[Event "Nizhnij Novgorod op"]
[Site "Nizhnij Novgorod"]
[Date "2010.??.??"]
[Round "?"]
[White "Marsak, Viktor D"]
[Black "Shirokov, Yury"]
[Result "1-0"]
[WhiteElo "2018"]
[BlackElo "1867"]
[PlyCount "67"]
[EventDate "2010.10.02"]
[EventType "swiss"]
[EventRounds "9"]
[EventCountry "RUS"]
[SourceTitle "EXT 2011"]
[Source "ChessBase"]
[SourceDate "2010.11.26"]
[SourceVersion "1"]
[SourceVersionDate "2010.11.26"]
[SourceQuality "1"]

1. Nf3 Nf6 2. Nc3 d5 3. g3 b6 4. Bg2 Bb7 5. 0-0 Nbd7 6. d4 e6 7. Bf4 Nh5 8. Bg5 Be7 9. Bxe7 Qxe7 10. Ne5 Nhf6 11. Nb5 Qd8 12. c4 0-0 13. Rc1 a6 14. Nc3 Rb8 15. f4 Ne4 16. cxd5 Nxc3 17. Rxc3 Nxe5 18. fxe5 exd5 19. b4 Qe7 20. Qb3 Qd7 21. Rfc1 c6 22. a4 Kh8 23. b5 cxb5 24. Rc7 Qe6 25. axb5 a5 26. Qc3 g6 27. Qa3 Rfc8 28. Qd6 Qxd6 29. exd6 Rd8 30. d7 Kg7 31. R1c6 Bxc6 32. bxc6 b5 33. Ra7 a4 34. c7 1-0

[Event "Nizhnij Novgorod op"]
[Site "Nizhnij Novgorod"]
[Date "2010.??.??"]
[Round "?"]
[White "Shirokov, Yury"]
[Black "Popov, Nikita"]
[Result "0-1"]
[WhiteElo "1867"]
[BlackElo "1963"]
[PlyCount "106"]
[EventDate "2010.10.02"]
[EventType "swiss"]
[EventRounds "9"]
[EventCountry "RUS"]
[SourceTitle "EXT 2011"]
[Source "ChessBase"]
[SourceDate "2010.11.26"]
[SourceVersion "1"]
[SourceVersionDate "2010.11.26"]
[SourceQuality "1"]

1. c4 Nf6 2. Nc3 e6 3. d4 d5 4. e3 c6 5. Nf3 Nbd7 6. Bd3 Be7 7. 0-0 0-0 8. Re1 dxc4 9. Bxc4 b5 10. Bd3 a6 11. e4 Bb7 12. Bg5 h6 13. Bh4 c5 14. d5 exd5 15. exd5 Nxd5 16. Nxd5 Bxh4 17. Bf5 Nb8 18. Nxh4 Bxd5 19. Re5 Nc6 20. Rxd5 Qxh4 21. Rxc5 Nd4 22. Qg4 Qxg4 23. Bxg4 Rad8 24. Re1 Rd6 25. Rc8 f5 26. Rxf8+ Kxf8 27. Bd1 Kf7 28. Kf1 Re6 29. Re3 Rxe3 30. fxe3 Nc6 31. Ke2 Ke6 32. Kd3 Ke5 33. a3 g5 34. g4 f4 35. h3 Ne7 36. Bf3 fxe3 37. Kxe3 Nd5+ 38. Bxd5 Kxd5 39. Kd3 a5 40. b3 Kc5 41. Kc3 b4+ 42. axb4+ axb4+ 43. Kd3 Kd5 44. Ke3 Ke5 45. Kd3 Kf4 46. Kc4 Kg3 47. Kxb4 Kxh3 48. Kc5 Kxg4 49. b4 h5 50. b5 h4 51. b6 h3 52. b7 h2 53. b8Q h1Q 0-1